• 首页
  • 本馆介绍
  • 公告通知
  • 最新文献
  • 馆藏检索
  • 电子资源
  • 读者导购
  • 参考咨询
  • 我的图书馆
  • 登录
  • 详细信息显示
  • 放入我的书架
  • 预约/预借图书
  • 作者相关作品
  • 分类相关作品
  • 丛书相关作品
  • 出版社相关作品

书目信息

  • 表格格式
  • 工作单格式
  • 卡片格式
题名:
艰苦卓绝周恩来
    
 
作者: 南山 , 南哲 编著
分册:  
出版信息: 太原   山西人民出版社  2018
页数: 537页
开本: 24cm
丛书名:
单 册:
中图分类: K827=73
科图分类:
主题词: 政治家--生平事迹--中国--现代
电子资源:
ISBN: 978-7-203-10360-8
000 00916nam0 2200265 45
001 012001005036
005 20141007100237.0
010    @a978-7-203-10360-8@dCNY68.00
100    @a20180714d2018 em y0chiy50 ea
101 0  @achi
102    @aCN@b140100
105    @aa z 000yd
106    @ar
200 1  @a艰苦卓绝周恩来@9jian ku zhuo jue zhou en lai@e1898-1949@f南山,南哲编著
210    @a太原@c山西人民出版社@d2018
215    @a537页@c照片@d24cm
300    @a周恩来生平
330    @a本书以历史的眼光,综合大量研究成果,真实记录了周恩来求学与投身中国革命,为民族独立民族解放不懈奋斗的历史。书中内容包括:万苦千难求学路、东渡西行认真理、惊涛骇浪大革命等。
600  0 @a周恩来@f(1898-1976)@x生平事迹
606 0  @a政治家@x生平事迹@y中国@z现代
690    @aK827=73@v5
701  0 @a南山@9nan shan@4编著
701  0 @a南哲@9nan zhe@4编著
801  0 @aCN@b上海新华@c20180901
905    @b1172304-8@dK827@e871@f5
    
    艰苦卓绝周恩来:1898-1949/南山,南哲编著.-太原:山西人民出版社,2018
    537页:照片;24cm
    周恩来生平
    
    ISBN 978-7-203-10360-8:CNY68.00
    本书以历史的眼光,综合大量研究成果,真实记录了周恩来求学与投身中国革命,为民族独立民族解放不懈奋斗的历史。书中内容包括:万苦千难求学路、东渡西行认真理、惊涛骇浪大革命等。
●
相关链接 在E读中查询图书 在五车中查询图书 在当当中查询图书 在豆瓣中查询图书


正题名:艰苦卓绝周恩来     索取号:K827/871         预约/预借

序号 登录号 条形码 馆藏地/架位号 状态 备注
1 1172304   211723045   第二样本阅览室/ [索取号:K827/871] 在馆    
2 1172305   211723054   第二借阅区/ [索取号:K827/871] 在馆    
3 1172306   211723063   第二借阅区/ [索取号:K827/871] 在馆    
4 1172307   211723072   第二借阅区/ [索取号:K827/871] 在馆    
5 1172308   211723081   密集书库-史法系/ [索取号:K827/871] 在馆    
唐山师范学院图书馆 欢迎您!
大连网信软件有限公司© 版权所有